Регионална библиотека "Любен Каравелов" - Русе

Бавно тлеещ огън (Запис номер 455515)

MARC детайли
000 -Лидер
Контролно поле с фиксирана дължина 01164nam a2200325 a 4500
003 - Код на организацията, давaща контролен номер
Контролно поле BLK
005 - Дата и час на последна редакция
Контролно поле 20241216153703.0
008 - Елементи от данни с фиксирана дължина
fixed length control field 180411b bul|||||r ||||||| ||bul||
010 ## - Наследен системен номер
LC control number KNG00181361000
020 ## - Международен стандартен номер на книга ISBN
Международен стандартен номер на книга ISBN 9786191644674
040 ## - Източник на каталожния запис
Идентификатор на билиотеката - собственик на записа BLK
041 ## - Код за език
Код за езика на текст/звукозапис или на отделно заглавие Български
Код за езика КДБФ Български
072 #7 - Код за тематичната категория
Код организация bullib
Код за тематична категория Н83
Текст Чужда художествена литература Н
080 ## - УДК
Текстов определител УДК Английска литература
УДК код - определител по УДК 821.111
УДК определител -31
УДК - код + определител 821.111-31
100 1# - Редна дума - Автор
Автор Хоукинс, Паула
Авторска отговорност първи автор
R(LIN) 339403
139 ## - Редно поле
Редна дума Хоукинс, Паула
Авторски знак Хот - Х 70
240 ## - Унифицирано заглавие
Унифицирано заглавие A Slow Fire Burning
245 10 - Сведения за заглавието
Заглавие Бавно тлеещ огън
Подзаглавни данни Роман
Редно поле (дума) Паула Хоукинс; прев. от англ. Марианна Панова.
257 ## - Страна на издаване
Страна на създаване/издаване Великобритания
260 ## - Област на издателските данни
Име на издателя, разпространителя и проч. Enthusiast
Година на издаване 2022
Място на издаване, разпространение и проч. София
300 ## - Физическа характеристика
Страници 311 с.
Размери/Мащаб 21 см
380 ## - Жанр
Жанр Худож. лит.
700 ## - Други автори (авторска отговорност)
Лично име Панова, Марианна Георгиева
Автороска отговорност (Описва отношението между автора и произведението) прев. от англ.
9 (RLIN) 402490
852 ## - Местоположение
Форматна сигнатура Цб 314187
Фондова буква Хранилище
856 4# - Електронен адрес и достъп
Електронен формат pdf - файл
Инструкция (цена за достъп) 0.00
Права за достъп disable
856 4# - Електронен адрес и достъп
Електронен формат pdf - файл
Инструкция (цена за достъп) 0.00
Права за достъп disable
999 ## - СИСТЕМНИ КОНТРОЛНИ НОМЕРА
Koha biblionumber 455515
Koha biblioitemnumber 455515
942 ## - АРТИКУЛИ
Вид на библиотечния материал Книги
Скрит в OPAC Не
Koha issues (borrowed), all copies 82
Периодичен библиозапис Да
944 ## - СЪЗДАВАНЕ И РЕДАКЦИЯ на ЗАПИСА
Служител, извършил регистрацията/редакцията 30576
Създаване/Редакция Редакция
Статус, дата на статуса Цветомила Тодорова
999 ## - СИСТЕМНИ КОНТРОЛНИ НОМЕРА
Koha biblioitemnumber 455515
Наличности
Код за отписване Код за изгубен артикул Източник на класификационната схема Код за повреда Коз за рестрикции Код за отдаване Артикулен № Име на библиотеката - собственик Име на библиотеката, в която се намира в момента Статус (Текущо местоположение) Дата на вписване в системата Местоположение - отдел Цена в лева Систематично азбучна сигнатура Баркод Цена в евро Служебен тип на артикула
  Не е изгубен Universal Decimal Classification Не е повреден без рестрикции заемане за дома 884768 Регионална библиотека "Любен Каравелов" Русе Регионална библиотека "Любен Каравелов" Русе Заемна - подръчен фонд 2022-05-17 Заемна - подръчен фонд 15.00 821-31/Х 70 П 120000872654 7.67 Книги
  Не е изгубен Universal Decimal Classification Не е повреден без рестрикции заемане за дома 884769 Регионална библиотека "Любен Каравелов" Русе Регионална библиотека "Любен Каравелов" Русе Заемна - подръчен фонд 2022-05-17 Заемна - подръчен фонд 15.00 821-31/Х 70 П 120000872653 7.67 Книги
  Не е изгубен Universal Decimal Classification Не е повреден само за читалня ползва се в читалня 919759 Регионална библиотека "Любен Каравелов" Русе Регионална библиотека "Любен Каравелов" Русе Хранилище 2022-12-15 Хранилище 20.00 Цб 315187 120000879742 10.23 Книги
Vip Innovations Ltd, Rousse, Bulgaria 2025